Nurse's drug handbook, 1997 / (Record no. 1140)

000 -LEADER
fixed length control field 01194cam a2200361 a 4500
003 - CONTROL NUMBER IDENTIFIER
control field ALUPE UNIVERSITY
005 - DATE AND TIME OF LATEST TRANSACTION
control field 20210624071848.0
008 - FIXED-LENGTH DATA ELEMENTS--GENERAL INFORMATION
fixed length control field 960925s1997 paua f 001 0 eng d
020 ## - INTERNATIONAL STANDARD BOOK NUMBER
International Standard Book Number 0721655971
040 ## - CATALOGING SOURCE
Transcribing agency ALUPE UNIVERSITY
050 00 - LIBRARY OF CONGRESS CALL NUMBER
Classification number RM125
Item number .H572 1997
060 10 - NATIONAL LIBRARY OF MEDICINE CALL NUMBER
Classification number QV 39 H688n 1997
090 0# - LOCALLY ASSIGNED LC-TYPE CALL NUMBER (OCLC); LOCAL CALL NUMBER (RLIN)
Classification number (OCLC) (R) ; Classification number, CALL (RLIN) (NR) RM 125 H57 1997
Local cutter number (OCLC) ; Book number/undivided call number, CALL (RLIN) AEU
100 1# - MAIN ENTRY--PERSONAL NAME
Personal name Hodgson, Barbara B.
245 10 - TITLE STATEMENT
Title Nurse's drug handbook, 1997 /
Statement of responsibility, etc. Barbara B. Hodgson, Robert J. Kizior, Ruth T. Kingdon.
260 ## - PUBLICATION, DISTRIBUTION, ETC.
Place of publication, distribution, etc. Philadelphia :
Name of publisher, distributor, etc. W.B. Saunders Co.,
Date of publication, distribution, etc. c1997.
300 ## - PHYSICAL DESCRIPTION
Extent xiv, 1227 p. :
Other physical details ill. ;
Dimensions 19 cm.
336 ## - CONTENT TYPE
Content type term text
Content type code txt
Source rdacontent
337 ## - MEDIA TYPE
Media type term unmediated
Media type code n
Source rdamedia
338 ## - CARRIER TYPE
Carrier type term volume
Carrier type code nc
Source rdacarrier
500 ## - GENERAL NOTE
General note Includes index.
650 #0 - SUBJECT ADDED ENTRY--TOPICAL TERM
Topical term or geographic name entry element Clinical pharmacology
Form subdivision Handbooks, manuals, etc.
650 #0 - SUBJECT ADDED ENTRY--TOPICAL TERM
Topical term or geographic name entry element Nursing
Form subdivision Handbooks, manuals, etc.
650 12 - SUBJECT ADDED ENTRY--TOPICAL TERM
Topical term or geographic name entry element Pharmaceutical Preparations
General subdivision handbooks.
650 22 - SUBJECT ADDED ENTRY--TOPICAL TERM
Topical term or geographic name entry element Pharmaceutical Preparations
General subdivision nurses' instruction.
700 1# - ADDED ENTRY--PERSONAL NAME
Personal name Kizior, Robert J.
700 1# - ADDED ENTRY--PERSONAL NAME
Personal name Kingdon, Ruth T.
942 ## - ADDED ENTRY ELEMENTS (KOHA)
Source of classification or shelving scheme
Koha item type References
Suppress in OPAC DO
Holdings
Withdrawn status Lost status Source of classification or shelving scheme Damaged status Not for loan Permanent Location Current Location Shelving location Date acquired Total Checkouts Full call number Barcode Date last seen Price effective from Koha item type Public note
          AU LIBRARY AU LIBRARY Reference 24.06.2021   RM125 .H572 1997 28003667 24.06.2021 24.06.2021 References DO

Powered by Koha